Metóda určenia diskontnej krivky podľa princípov IFRS 17 v životnom poistení
Enregistré dans:
| Auteur principal: | |
|---|---|
| Autres auteurs: | |
| Format: | Livre |
| Langue: | slovaque |
| Publié: |
Bratislava
[Katedra matematiky a aktuárstva FHI]
[2025]
|
| Édition: | 1. vydanie |
| Sujets: | |
| Tags: |
Pas de tags, Soyez le premier à ajouter un tag!
|
MARC
| LEADER | 00000nlm a2200000 4500 | ||
|---|---|---|---|
| 001 | 0308791 | ||
| 005 | 20251111084928.2 | ||
| 041 | 0 | |a slo | |
| 044 | |a SK | ||
| 245 | 1 | 0 | |a Metóda určenia diskontnej krivky podľa princípov IFRS 17 v životnom poistení |c Silvia Zelinová, Ján Gogola |
| 250 | |a 1. vydanie | ||
| 264 | 1 | |a Bratislava |b [Katedra matematiky a aktuárstva FHI] |c [2025] | |
| 300 | |a [8] s. | ||
| 610 | 2 | 0 | |a IFRS |
| 610 | 2 | 0 | |a poistenie životné |
| 610 | 2 | 0 | |a riziko poistné |
| 610 | 2 | 0 | |a matematika poistná |
| 610 | 2 | 0 | |a krivka diskontná |
| 100 | 1 | |a Zelinová, Silvia, 1987- | |
| 700 | 1 | |a Gogola, Ján, 1977- | |